Statistics for County-Level Divisions of Jiangxi, China 江西

Click here to take the quiz!

General Stats

  • This quiz has been taken 45 times
  • The average score is 64 of 100

Answer Stats

Prefecture-level City 地級市Answer% Correct
Nanchang 南昌Nanchang County 南昌縣
94%
Pingxiang 萍鄉Anyuan 安源
90%
Ji'an 吉安Jinggangshan 井岡山
90%
Ganzhou 贛州Gan County 贛縣
87%
Jiujiang 九江Gongqingcheng 共青城
87%
Ganzhou 贛州Longnan 龍南
87%
Jiujiang 九江Lushan 廬山
87%
Ganzhou 贛州Ruijin 瑞金
87%
Jingdezhen 景德鎮Fuliang 浮梁
84%
Ji'an 吉安Ji'An County 吉安縣
84%
Jingdezhen 景德鎮Leping 樂平
84%
Shangrao 上饒Poyang 鄱陽
84%
Nanchang 南昌Qingyunpu 青雲譜
84%
Ganzhou 贛州Zhanggong 章貢
84%
Yichun 宜春Gao'An 高安
81%
Pingxiang 萍鄉Lianhua 蓮花
81%
Ganzhou 贛州Anyuan 安遠
77%
Shangrao 上饒Wuyuan 婺源
77%
Nanchang 南昌Xinjian 新建
77%
Jiujiang 九江Xunyang 潯陽
77%
Ganzhou 贛州Dingnan 定南
74%
Nanchang 南昌Donghu 東湖
74%
Jiujiang 九江Hukou 湖口
74%
Ganzhou 贛州Nankang 南康
74%
Nanchang 南昌Qingshanhu 青山湖
74%
Ganzhou 贛州Quannan 全南
74%
Pingxiang 萍鄉Xiangdong 湘東
74%
Nanchang 南昌Xihu 西湖
74%
Shangrao 上饒Xinzhou 信州
74%
Yichun 宜春Yuanzhou 袁州
74%
Yichun 宜春Zhangshu 樟樹
74%
Jiujiang 九江De'An 德安
71%
Xinyu 新余Fenyi 分宜
71%
Nanchang 南昌Honggutan 紅谷灘
71%
Fuzhou 撫州Jinxi 金溪
71%
Fuzhou 撫州Nanfeng 南豐
71%
Ganzhou 贛州Shicheng 石城
71%
Ganzhou 贛州Xingguo 興國
71%
Jiujiang 九江Xiushui 修水
71%
Shangrao 上饒Yanshan 鉛山
71%
Jingdezhen 景德鎮Zhushan 珠山
71%
Jiujiang 九江Chaisang 柴桑
68%
Ganzhou 贛州Dayu 大余
68%
Yichun 宜春Fengcheng 豐城
68%
Fuzhou 撫州Linchuan 臨川
68%
Yichun 宜春Shanggao 上高
68%
Ji'an 吉安Xingan 新干
68%
Jiujiang 九江Yongxiu 永修
68%
Shangrao 上饒Dexing 德興
65%
Nanchang 南昌Jinxian 進賢
65%
Ji'an 吉安Jishui 吉水
65%
Ganzhou 贛州Ningdu 寧都
65%
Jiujiang 九江Pengze 彭澤
65%
Shangrao 上饒Wannian 萬年
65%
Yichun 宜春Wanzai 萬載
65%
Fuzhou 撫州Zixi 資溪
65%
Fuzhou 撫州Dongxiang 東鄉
61%
Ji'an 吉安Jizhou 吉州
61%
Fuzhou 撫州Nancheng 南城
61%
Jiujiang 九江Ruichang 瑞昌
61%
Ganzhou 贛州Yudu 于都
61%
Shangrao 上饒Guangxin 廣信
58%
Pingxiang 萍鄉Luxi 蘆溪
58%
Ji'an 吉安Xiajiang 峽江
58%
Shangrao 上饒Yiyang 弋陽
58%
Yingtan 鷹潭Yuehu 月湖
58%
Shangrao 上饒Yugan 餘干
58%
Shangrao 上饒Yushan 玉山
58%
Nanchang 南昌Anyi 安義
55%
Jingdezhen 景德鎮Changjiang 昌江
55%
Jiujiang 九江Duchang 都昌
55%
Yingtan 鷹潭Guixi 貴溪
55%
Jiujiang 九江Lianxi 濂溪
55%
Ganzhou 贛州Shangyou 上猶
55%
Ganzhou 贛州Xinfeng 信豐
55%
Ji'an 吉安Yongxin 永新
55%
Yingtan 鷹潭Yujiang 余江
55%
Shangrao 上饒Guangfeng 廣豐
52%
Ganzhou 贛州Huichang 會昌
52%
Fuzhou 撫州Le'An 樂安
52%
Pingxiang 萍鄉Shangli 上栗
52%
Yichun 宜春Tonggu 銅鼓
52%
Jiujiang 九江Wuning 武寧
52%
Fuzhou 撫州Yihuang 宜黃
52%
Xinyu 新余Yushui 渝水
52%
Ji'an 吉安Qingyuan 青原
48%
Ji'an 吉安Wan'An 萬安
48%
Ji'an 吉安Yongfeng 永豐
48%
Yichun 宜春Fengxin 奉新
45%
Shangrao 上饒Hengfeng 橫峰
45%
Yichun 宜春Jing'An 靖安
42%
Fuzhou 撫州Lichuan 黎川
42%
Ganzhou 贛州Xunwu 尋烏
42%
Ji'an 吉安Anfu 安福
39%
Fuzhou 撫州Chongren 崇仁
39%
Ji'an 吉安Taihe 泰和
39%
Ganzhou 贛州Chongyi 崇義
35%
Fuzhou 撫州Guangchang 廣昌
35%
Yichun 宜春Yifeng 宜豐
35%
Ji'an 吉安Suichuan 遂川
32%

Score Distribution

Percentile by Number Answered

Percent of People with Each Score

Your Score History

You have not taken this quiz